000 00676nam a2200193 a 4500
001 000030527
005 20240409073642.0
008 110523t1976 dr ac 001 0bspa d
040 _aDO-SdBNP
_bspa
_cBNPHU
082 _a923.17293
_bT866g
100 1 _aGimbernard Pellerano, Jacinto,
_d1931-
_923303
245 1 0 _aTrujillo / :
_bJacinto Gimbernard.
260 _aSanto Domingo :
_bCultural Dominicana,
_c1976.
300 _a223 p. ;
_c31 cm.
504 _aIncluye referencias bibliográficas y notas al pie de las páginas.
590 _aInventariado, 2020/BT
600 1 0 _aTrujillo Molina, Rafael Leónidas,
_d 1891-1961
_976764
910 _aValidado. Control de calidad EMS.
999 _c30019
_d30019